000 01243nam a2200241Ii 4500
003 JO-AjNU
005 20240630113217.0
008 230605s9999||||xx |||||||||||||| ||und||
040 _aJO-AjNU
_bara
_erda
_cJO-AjNU
041 _aara
050 1 4 _aLC4704 2022
100 1 _aحسن، عبدالله خضر محمد
_eمعد
_965961
245 0 0 _aفاعلية نموذج فارك (VARK)في تنمية مهارات الطلاقة القرائية لدى الطلبة ذوي صعوبات التعلم=The Effectiveness of the (VARK) Model in Developing The Reading Fluency skills of students with Learning Disabilities /
_cاعداد عبدالله خضر محمد حسن؛ اشراف الهام مصطفى القصيرين
264 3 1 _a 2022
300 _a128 ورقة
336 _atext
_btxt
_2rdacontent
337 _aunmediated
_bn
_2rdamedia
338 _avolume
_bnc
_2rdacarrier
500 _aرسالة جامعية(اطروحة ماجستير) جامعة عجلون الوطنية، كلية العلوم التربوية تخصص صعوبات التعلم 2022
650 4 _aصعوبات التعلم-صعوبات-القراءة
_963294
700 1 _aالقصيرين،الهام مصطفى
_964942
_eمشرف
942 _2lcc
_cTHS
999 _c32269
_d32269